| 000 | 00561nam a2200193 4500 | ||
|---|---|---|---|
| 010 | _a981612 | ||
| 035 | _a981612 | ||
| 037 | _bCen Lib / Ret | ||
| 040 |
_aDPL _bEN |
||
| 082 |
_a954 _bSHA |
||
| 100 | _aSharma, Pairelal | ||
| 245 |
_aIndia betrayed / _cby Piarelal Sharma |
||
| 260 |
_aNew Delhi _bAnkur Pub. House, _c1980 |
||
| 270 |
_aF-17, Kamla nagar _bDelhi _e110007 |
||
| 300 |
_a(v 1. 383p) _b24cm(Hb) |
||
| 650 | _aIndia -- Politics and government -- 1947- | ||
| 650 | _aPolitics and government | ||
| 942 |
_2ddc _cEN _h954 _mSHA |
||
| 999 |
_c136735 _d136735 |
||